The idea of perfection / (Record no. 155076)
[ view plain ]
| 000 -LEADER | |
|---|---|
| fixed length control field | 00560nam a22001937a 4500 |
| 005 - DATE AND TIME OF LATEST TRANSACTION | |
| control field | 20181109134735.0 |
| 010 ## - LCCN (DPL NO) | |
| LC control number | B-215006, B-215007, B-215012 |
| 020 ## - INTERNATIONAL STANDARD BOOK NUMBER | |
| Terms of availability | 0.00 |
| 035 ## - SYSTEM CONTROL NUMBER | |
| System control number | B-215006, B215007, B-215012 |
| 037 ## - SOURCE OF ACQUISITION | |
| Source of stock number/acquisition | BPPD/PUB |
| 082 ## - DEWEY DECIMAL CLASSIFICATION NUMBER | |
| Classification number | N |
| 100 ## - MAIN ENTRY--PERSONAL NAME | |
| Personal name | Grenville kate |
| 245 ## - TITLE STATEMENT | |
| Title | The idea of perfection / |
| Remainder of title | kate Grenville |
| 260 ## - PUBLICATION, DISTRIBUTION, ETC. (IMPRINT) | |
| Place of publication, distribution, etc | New Delhi |
| Name of publisher, distributor, etc | Penguin Books |
| Date of publication, distribution, etc | 2004 |
| 270 ## - ADDRESS | |
| Address | 11 Community centre, panchsheel park |
| City | New delhi |
| Postal code | 110017 |
| 300 ## - PHYSICAL DESCRIPTION | |
| Extent | 401p. |
| Dimensions | 23cm.(Hb) |
| 942 ## - ADDED ENTRY ELEMENTS (KOHA) | |
| Source of classification or shelving scheme | Dewey Decimal Classification |
| Item type | English Books |
| Classification part | N |
| Call number suffix | GRE |
| Withdrawn status | Lost status | Not for loan | Collection code | Home library | Current library | Date acquired | Source of acquisition | Cost, normal purchase price | Full call number | Barcode | Cost, replacement price | Koha item type | Copy number |
|---|---|---|---|---|---|---|---|---|---|---|---|---|---|
| Fiction | R.C.Libraries (zls) | R.C.Libraries (zls) | 09/11/2018 | 395.00 | N GRE | B-215012 | 395.00 | English Books | 1 | ||||
| Fiction | Shahdara Branch | Shahdara Branch | 28/07/2018 | BPPD/PUB | 0.00 | N GRE | B-215006 | 0.00 | English Books | ||||
| Fiction | Yojana Vihar | Yojana Vihar | 05/11/2018 | BPPD/PUB | 395.00 | N GRE | B-215007 | 395.00 | English Books |
